1995 1750 1242 1062 1397 1014 1514 1188 1110 1831 1987 1057 1204 1754 1922 1528 1524 1589 1235 1646 1275 1109 1817 1377 1352 1228 1546 1468 1945 1747 1429 1781 1551 1721 1021 1419 1025 1085 1825 1768 1670 1515 1282 1968 1205 1092 1989 1589 1243 1326 1675 1561 1272 1541 1108 1273 1305 1996 1772 1815 1677 1611 1780 1205 1509 1287 1276 1884 1495 1646 1734 1383 1708 1627 1342 1456 1349 1684 1267 1152 1420 1960 1289 1244 1267 1387 1811 1039 1149 1999 1109 1510 1522 1588 1083 1565 1180 1199 1367 BCNSPRNW ULIB Ver.6.0+V

เปลี่ยนเป็นภาษาไทย

Change to English
 แสดงรายละเอียดบรรณานุกรม
  กลับหน้าหลัก

Brief Record : Get Marc (ISO 2709) : E-mail record : QR code < ปิดหน้าต่าง
LEADER : 00000nam 2200000uu 4500
001    13399110850
003     ULIB
008    110610s2546||||th 000 0 tha d
020    974909820X
060 04 WY105^bพ474ข 2546
100 0  พวงรัตน์ บุญญานุรักษ์
245 10 ขุมปัญญาทางพยาบาลศาสตร์ =^bWisdom in nursing science /^cพวงรัตน์ บุญญานุรักษ์
246 31 Wisdom in nursing science
260    [กรุงเทพฯ] :^bพระราม4 ปริ้นติ้ง,^c2546
300    421 หน้า :^c30 ซม.
650  7 การพยาบาล, องค์การและการบริหาร
650  7 พยาบาล, การให้บริการ
650  7 พยาบาล, การศึกษา
945    ^p380^l0^i12842
945    ^p380^l0^i12841
945    ^p380^l0^i11710
995    เกษร
999    ^aใช้งานได้ทุกระบบ
รายการนี้ยังไม่มีแท็ก
คุณยังไม่ได้ล็อกอิน คุณสามารถมีกิจกรรมร่วมกับเว็บไซต์ได้ แต่ต้องล็อกอินก่อน ::
  ล็อกอิน

รายการสื่อสารสนเทศ

ลำดับที่ ประเภท เลขเรียก/บาร์โค้ด สถานที่ สถานะ
1. วิทยาศาสตร์การแพทย์ และสุขภาพ
หนังสือสำรอง
สถานะ=หนังสือสำรอง
WY105 พ474ข 2546 ฉ.1 
  Barcode: 11710
ห้องสมุดวิทยาเขตสวรรค์ประชารักษ์
►นวนิยาย
บนชั้น
  ขอยืม
2. วิทยาศาสตร์การแพทย์ และสุขภาพ
วิทยาศาสตร์การแพทย์ และสุขภาพ
WY105 พ474ข 2546 ฉ.2 
  Barcode: 12841
ห้องสมุดวิทยาเขตสวรรค์ประชารักษ์
►นวนิยาย
บนชั้น
  ขอยืม
3. วิทยาศาสตร์การแพทย์ และสุขภาพ
วิทยาศาสตร์การแพทย์ และสุขภาพ
WY105 พ474ข 2546 ฉ.3 
  Barcode: 12842
ห้องสมุดวิทยาเขตสวรรค์ประชารักษ์
►นวนิยาย
บนชั้น
  ขอยืม

รายการใกล้เคียง
    ผู้แต่ง [พวงรัตน์ บุญญานุรักษ์]

    หัวเรื่อง [การพยาบาล, องค์การและการบริหาร]
    หัวเรื่อง [พยาบาล, การให้บริการ]
    หัวเรื่อง [พยาบาล, การศึกษา]

BibComment


ยังไม่เคยถูกคอมเมนท์

คอมเมนท์ทรัพยากรรายการนี้
  คอมเมนท์: ขุมปัญญาทางพยาบาล..


 Copyright 2026. Bcnsprnw @Library